00610nam a2200169Ia 4500003000500000008004100005040001900046082000700065100002100072245016600093246006300259260005900322300001000381365000700391546001400398700002800412STCL230729s9999 xx 000 0 und d aSTCLcSTCLbEN 222 aAleyamma Vijayan 0aസ്ത്രീകൾക്കെതിരായ അതിക്രമങ്ങൾ: കാരണങ്ങൾ, പരിഹാരമാർഗ്ഗങ്ങൾ aSthreekalkkethiraya athikramangal: karanangal pariharangal bSakhi Women Resources CenteraThiruvananthapuramc2003 a116 p b60 aMalayalam aSandhya, J; Jayasree, S